00529nam a2200193 a 4500001001300000003000900013005001700022008004100039020001000080082001500090100001800105245006300123260004500186300000800231500003500239505003200274650001100306700001800317nice12345678IN_TiNIC20260116011748.0050524s1968 bana grp 000 0 eng  ac10000a306.8bOOM aOommen, Susie aPace of Modern Changeb a Study of an Industrial Township. aBangalorebIndustrial Team Servicec1968 a56p aincludes index and biblioraphy2 athree parts of first volume aFamily1 aOommen, Susie